Fire Emblem Awakening Playable Characters - Statistics

General Stats
  • This quiz has been taken 1,361 times
  • The average score is 37 of 49
Answer Stats
Answer % Correct
Chrom
100%
Lucina
96%
Lissa
95%
Frederick
92%
Sumia
88%
Cordelia
87%
Sully
87%
Tharja
85%
Nowi
84%
Stahl
84%
Virion
84%
Owain
83%
Maribelle
82%
Morgan
81%
Vaike
81%
Lon'qu
79%
Nah
79%
Olivia
79%
Severa
79%
Inigo
78%
Miriel
78%
Avatar
77%
Gaius
77%
Tiki
77%
Gregor
76%
Henry
76%
Ricken
76%
Cherche
74%
Panne
74%
Kellam
73%
Say'ri
72%
Cynthia
70%
Emmeryn
70%
Donnel
69%
Noire
69%
Aversa
67%
Brady
67%
Flavia
67%
Kjelle
67%
Libra
67%
Anna
66%
Gangrel
66%
Walhart
66%
Gerome
65%
Yarne
64%
Basilio
63%
Laurent
62%
Priam
58%
Yen'fay
58%
No matching quizzes found
Score Distribution
Percent of People with Each Score
Percentile by Number Answered
Your Score History
You have not taken this quiz